| 000 | 00485pab a2200157 454500 | ||
|---|---|---|---|
| 008 | 180718b2012 xxu||||| |||| 00| 0 eng d | ||
| 100 | _aSpan, Kees C.L. et al | ||
| 245 | _aThe relationship between governance roles and performance in local public interorganizational networks: A conceptual analysis | ||
| 260 | _c2012 | ||
| 300 | _ap.186-201. | ||
| 362 | _aMar | ||
| 650 | _aNetwork analysis | ||
| 773 | _aAmerican Review of Public Administration | ||
| 908 | _aN | ||
| 909 | _a95667 | ||
| 999 |
_c95667 _d95667 |
||